Youtubers by age - Statistics

General Stats
  • This quiz has been taken 246 times
  • The average score is 14 of 15
Answer Stats
YouTuber Age % Correct
Camodo Gaming 27
95%
Jelly 26
94%
KSI 30
94%
SSSniperWolf 30
94%
MrBeast 25
93%
Ali-A 29
93%
Spycakes 29
93%
DanTDM 31
93%
The Frustrated Gamer 31
93%
PewDiePie 33
93%
Markiplier 34
93%
IShowSpeed 18
92%
Kids Diana Show 9
88%
Like Nastya 9
88%
Ryan Kaji 12
87%
No matching quizzes found
Score Distribution
Percent of People with Each Score
Percentile by Number Answered
Your Score History
You have not taken this quiz